007850c a2200205 4500999001700000005001700017008004000034020001500074050002500089245006700114250002800181260004500209300002800254504002100282650003500303650002500338700003600363942001300399952016700412 c74378d7437820170925133025.0a t19881988mx a spa a9686164332 aHD9574.M4b P48 1988 aEl Petróleo en Veracruz /cJavier Santos Llorente...[et al.] aEdición conmemorativa aMéxico :bPetróleos Mexicanos,c1988 a226 p. :bil. ;c23 cm. aIncluye índice aPetróleozMéxicozVeracruz aPetróleoxVeracruz aSantos Llorente, Javier, coaut. 2lcccLIB 102lcc4071aLIC-019bLIC-019cGENERALd2014-10-07f1a ed.hBIQO000000091iIAkEHoHD9574.M4 P48 1988pBIQO000000091r2017-10-18 00:00:00tC:1yLIBzSolo lectura